| 000 | 00417nam a22001577a 4500 | ||
|---|---|---|---|
| 999 |
_c17566 _d17566 |
||
| 003 | OSt | ||
| 005 | 20221109152958.0 | ||
| 008 | 221108b ||||| |||| 00| 0 eng d | ||
| 040 | _c0 | ||
| 100 |
_aRamirez, Jun. _946684 |
||
| 245 | _aTax incentive offered to foreign workers / | ||
| 260 |
_aPhilippines ; _cNovember 4, 2019. _bManila Bulletin, |
||
| 300 | _apage 2. | ||
| 650 |
_aTaxation. _946685 |
||
| 942 |
_2ddc _cPER |
||